Tilastot visalle Maailmankartta-palapeli

Klikkaa tästä pelataksesi tätä visaa!

Yleistilastot

  • Tätä visaa on pelattu 5 028 kertaa
  • Keskiarvotulos 25 / 75

Vastaukset kartalla

Vastauksille on annettu kartalla punavihreä väri sen mukaan, kuinka moni on saanut sen oikein.
 

Vastaustilastot

Vastaus% Oikein
63%
62%
59%
53%
53%
50%
48%
47%
45%
45%
44%
44%
43%
43%
43%
43%
40%
40%
39%
39%
38%
37%
37%
37%
37%
36%
36%
35%
34%
34%
34%
34%
33%
33%
32%
32%
31%
31%
30%
29%
29%
29%
29%
29%
29%
28%
28%
28%
28%
28%
27%
27%
26%
26%
26%
26%
26%
25%
25%
25%
25%
25%
25%
25%
25%
24%
24%
24%
23%
23%
23%
20%
19%
19%
16%

Tulosjakauma

Persentiili vastausten määrän mukaan

Jokaisen tuloksen saaneiden osuus

Tuloshistoriasi

Et ole pelannut tätä visaa